Т. 39, № 3-6 : 1920 год; Известия Геологического комитета; Краткий отчёт о прикамских углях, горючих сланцах, гудронном песчанике и торфе; Следы третичной вулканической деятельности близ г. Грозного; Палеонтологические этюды. О скульптурных типах брахиопод; Отчёт о поездке в Смоленскую губернию для сбора сведений по буровым скважинам и разведкам на каменный уголь; О меловой флоре Русского Сахалина; Нефтяные месторождения Казанской, Уфимской и Самарской губерний
| Parent link: | Известия Геологического комитета/ Российская империя, Геологический комитет (ГЕОЛКОМ) ; СССР, Геологический комитет (Геолком). Т. 39, № 3-6 : 1920 год.— , 1883-1930 |
|---|---|
| Gaia: | Без обложки и тит. л. |
| Hizkuntza: | errusiera |
| Argitaratua: |
Петербург, Первая Государственная Типография, 1922
|
| TOC: | Краткий отчёт о прикамских углях, горючих сланцах, гудронном песчанике и торфе; Следы третичной вулканической деятельности близ г. Грозного; Палеонтологические этюды. О скульптурных типах брахиопод; Отчёт о поездке в Смоленскую губернию для сбора сведений по буровым скважинам и разведкам на каменный уголь; О меловой флоре Русского Сахалина; Нефтяные месторождения Казанской, Уфимской и Самарской губерний; |
| Gaiak: | |
| Formatua: | MixedMaterials Liburua |
| KOHA link: | https://koha.lib.tpu.ru/cgi-bin/koha/opac-detail.pl?biblionumber=328710 |
MARC
| LEADER | 00000nam2a2200000 4500 | ||
|---|---|---|---|
| 001 | 328710 | ||
| 005 | 20231102004105.0 | ||
| 035 | |a (RuTPU)RU\TPU\book\354410 | ||
| 035 | |a RU\TPU\book\354405 | ||
| 090 | |a 328710 | ||
| 100 | |a 20170221d1922 k y0rusy50 ca | ||
| 101 | 0 | |a rus | |
| 102 | |a RU | ||
| 105 | |a a z 000zy | ||
| 200 | 0 | |a Т. 39, № 3-6 : 1920 год | |
| 210 | |a Петербург |c Первая Государственная Типография |d 1922 | ||
| 215 | |a 371-530 с. |c ил. | ||
| 300 | |a Без обложки и тит. л. | ||
| 461 | 1 | |0 (RuTPU)RU\TPU\book\253549 |t Известия Геологического комитета |f Российская империя, Геологический комитет (ГЕОЛКОМ) ; СССР, Геологический комитет (Геолком) |v Т. 39, № 3-6 : 1920 год |d 1883-1930 | |
| 464 | |t Краткий отчёт о прикамских углях, горючих сланцах, гудронном песчанике и торфе | ||
| 464 | |t Следы третичной вулканической деятельности близ г. Грозного | ||
| 464 | |t Палеонтологические этюды. О скульптурных типах брахиопод | ||
| 464 | |t Отчёт о поездке в Смоленскую губернию для сбора сведений по буровым скважинам и разведкам на каменный уголь | ||
| 464 | |t О меловой флоре Русского Сахалина | ||
| 464 | |t Нефтяные месторождения Казанской, Уфимской и Самарской губерний |a Калицкий, Казимир Петрович | ||
| 601 | 0 | 1 | |a РСФСР |b Геологический комитет (Геолком) |c (1917-1922) |2 stltpush |3 (RuTPU)RU\TPU\col\22318 |
| 606 | 1 | |a Геология |2 stltpush |3 (RuTPU)RU\TPU\subj\6095 |9 34054 | |
| 610 | 1 | |a библиотека М. А. Усова | |
| 610 | 1 | |a отчеты | |
| 610 | 1 | |a месторождения полезных ископаемых | |
| 610 | 1 | |a города | |
| 610 | 1 | |a Грозный | |
| 610 | 1 | |a вулканическая деятельность | |
| 610 | 1 | |a третичный период | |
| 610 | 1 | |a палеонтология | |
| 610 | 1 | |a каменноугольные месторождения | |
| 610 | 1 | |a Сахалин | |
| 610 | 1 | |a ископаемые растения | |
| 610 | 1 | |a нефтяные месторождения | |
| 675 | |a 55 |v 4 | ||
| 801 | 1 | |a RU |b 63413507 |c 20170220 | |
| 801 | 2 | |a RU |b 63413507 |c 20171027 |g RCR | |
| 942 | |c BK | ||